000 00720cad a22001815a 4500
001 L152797
008 110503u2010 xxk g 000 0 eng d
035 _a(Sirsi) u152797
041 0 _aeng
110 2 _aConstruction News
_92644
245 0 0 _aProducts in construction
_h[electronic resource]
520 _aOnline directory of products from Construction News. Searching includes find a product or service, find by company and find by location; latest news on new products.
590 _aKA NTK
651 4 _aUnited Kingdom
_y
690 _aBUILT ENVIRONMENT-CONSTRUCTION MARKET
856 4 0 _uhttps://www.productsinconstruction.com/
_zView the website free of charge at www.productsinconstruction.com
942 _n0
999 _c120904
_d120904